[Event "Sant Adria de Besos op-A 5th"]
[Site "Sant Adria de Besos"]
[Date "2023.08.13"]
[Round "3"]
[White "Rex, Torsten Claus"]
[Black "Cordomi Fons, Francesco"]
[Result "1/2-1/2"]
[WhiteElo "1954"]
[BlackElo "1788"]
[PlyCount "108"]
[EventDate "2023.08.11"]
[EventType "swiss"]
[EventRounds "9"]
[EventCountry "ESP"]
[SourceTitle "EXT 2024"]
[Source "ChessBase"]
[SourceDate "2023.10.10"]
[SourceVersion "1"]
[SourceVersionDate "2023.10.10"]
[SourceQuality "1"]

1. Nf3 c5 2. g3 Nc6 3. Bg2 d6 4. 0-0 g6 5. d4 cxd4 6. Nxd4 Bd7 7. c4 Bg7 8. e3 Nf6 9. Nc3 Rc8 10. b3 0-0 11. Bb2 Nxd4 12. exd4 Qb6 13. Re1 e6 14. Qd2 Rfd8 15. Rac1 Ng4 16. h3 Bh6 17. f4 Nf6 18. Qf2 Bg7 19. Rc2 Nh5 20. Ne4 d5 21. c5 Qc7 22. Nd2 Nf6 23. b4 Bb5 24. Bc3 Qd7 25. g4 Bd3 26. Rcc1 Ne4 27. Nxe4 dxe4 28. Bxe4 Bxe4 29. Rxe4 f5 30. Re2 Bxd4 31. Bxd4 Qxd4 32. Qxd4 Rxd4 33. Rxe6 fxg4 34. hxg4 Rxf4 35. a3 Rxg4+ 36. Kf2 Rf8+ 37. Ke2 Rg2+ 38. Ke3 Rg3+ 39. Kd4 Rxa3 40. b5 Ra2 41. c6 bxc6 42. bxc6 Rd2+ 43. Ke3 Rdd8 44. c7 Rc8 45. Ra6 Rf7 46. Rxa7 Rd7 47. Rb7 Kf7 48. Kf4 Kf6 49. Rc6+ Kf7 50. Ke5 Re8+ 51. Kf4 Rc8 52. Ke5 Ke7 53. Re6+ Kf7 54. Rc6 Ke7 1/2-1/2

[Event "Sant Adria de Besos op-A 5th"]
[Site "Sant Adria de Besos"]
[Date "2023.08.11"]
[Round "1"]
[White "Subhayan, Kundu"]
[Black "Rex, Torsten Claus"]
[Result "1-0"]
[WhiteElo "2341"]
[BlackElo "1954"]
[PlyCount "77"]
[EventDate "2023.08.11"]
[EventType "swiss"]
[EventRounds "9"]
[EventCountry "ESP"]
[SourceTitle "EXT 2024"]
[Source "ChessBase"]
[SourceDate "2023.10.10"]
[SourceVersion "1"]
[SourceVersionDate "2023.10.10"]
[SourceQuality "1"]

1. e4 c5 2. Nf3 Nc6 3. d4 cxd4 4. Nxd4 Nf6 5. Nc3 d6 6. Bg5 e6 7. Qd2 Be7 8. 0-0-0 0-0 9. h4 Nxd4 10. Qxd4 Qa5 11. Kb1 a6 12. Qd2 Qc7 13. f3 Rd8 14. Bd3 b5 15. Ne2 Bb7 16. g4 b4 17. Qxb4 d5 18. Qc3 Qd7 19. e5 Ne8 20. Nd4 Rdc8 21. Qd2 Bc5 22. Be3 Nc7 23. f4 Bxd4 24. Bxd4 Nb5 25. c3 Nxd4 26. cxd4 Bc6 27. f5 Qe7 28. f6 Qf8 29. h5 Bb5 30. Bc2 Rab8 31. g5 Bc4 32. g6 gxf6 33. gxh7+ Kh8 34. Rhg1 Qb4 35. Rg8+ Rxg8 36. hxg8Q+ Kxg8 37. Rg1+ Kf8 38. Qxb4+ Rxb4 39. h6 1-0

[Event "Barcelona Sant Marti op-A 23rd"]
[Site "Barcelona"]
[Date "2023.07.16"]
[Round "4"]
[White "Rex, Torsten Claus"]
[Black "Chirivi Castiblanco, Jenny Astrid"]
[Result "0-1"]
[WhiteElo "1959"]
[BlackElo "2166"]
[PlyCount "90"]
[EventDate "2023.07.13"]
[EventType "swiss"]
[EventRounds "9"]
[EventCountry "ESP"]
[SourceTitle "CBM 215 Extra"]
[Source "ChessBase"]
[SourceDate "2023.09.30"]
[SourceVersion "1"]
[SourceVersionDate "2023.09.30"]
[SourceQuality "1"]

1. Nf3 Nf6 2. g3 b5 3. Bg2 Bb7 4. 0-0 e6 5. d4 c5 6. e3 Be7 7. Nbd2 0-0 8. dxc5 Bxc5 9. Nb3 Be7 10. Nbd4 a6 11. c3 Qb6 12. b3 Rc8 13. Bb2 d6 14. Qe2 Nbd7 15. Rfc1 d5 16. Ne1 Rc7 17. Qd1 Rac8 18. Nd3 Ne4 19. Qe1 Bf6 20. f3 Nd6 21. f4 Ne4 22. Rab1 Qa5 23. a3 Qb6 24. Ba1 Ndc5 25. Bf1 Qd6 26. Nxc5 Nxc5 27. Be2 g6 28. c4 dxc4 29. bxc4 bxc4 30. Rxb7 Nxb7 31. Nb5 axb5 32. Bxf6 Qxa3 33. Bf3 c3 34. Bxb7 Rxb7 35. Ra1 Qb2 36. Rd1 b4 37. g4 Qb3 38. Rb1 Qa2 39. Rd1 c2 40. Rc1 Qd5 41. g5 Rd7 42. Bb2 Qd1 43. Kf2 Rd2+ 44. Kg3 Qxe1+ 45. Rxe1 Rd1 0-1

[Event "Figueres Mas op-A 23rd"]
[Site "Figueres"]
[Date "2022.08.14"]
[Round "4"]
[White "Pinsach Gelabert, Alexandre"]
[Black "Rex, Torsten Claus"]
[Result "1-0"]
[WhiteElo "2178"]
[BlackElo "1965"]
[PlyCount "101"]
[EventDate "2022.08.11"]
[EventType "swiss"]
[EventRounds "9"]
[EventCountry "ESP"]
[SourceTitle "EXT 2023"]
[Source "ChessBase"]
[SourceDate "2022.10.05"]
[SourceVersion "1"]
[SourceVersionDate "2022.10.05"]
[SourceQuality "1"]

1. e4 c5 2. Nf3 Nc6 3. d4 cxd4 4. Nxd4 Nf6 5. Nc3 d6 6. Bg5 e6 7. Qd2 Be7 8. 0-0-0 0-0 9. f4 Nxd4 10. Qxd4 Qa5 11. Be2 e5 12. Qe3 exf4 13. Bxf4 Rd8 14. g4 Be6 15. g5 Ne8 16. Kb1 Rac8 17. Nd5 Bf8 18. h4 Nc7 19. h5 Nxd5 20. exd5 Bf5 21. Rd2 Re8 22. Qf2 Qa4 23. Bd3 Bxd3 24. Rxd3 Re4 25. Rf1 f5 26. b3 Qe8 27. Bd2 g6 28. h6 a6 29. Re1 Rc7 30. Ree3 b5 31. a3 Rf7 32. Bc3 Be7 33. Rxe4 fxe4 34. Qd4 Bf6 35. gxf6 exd3 36. Qxd3 Qf8 37. Qe3 Rxf6 38. Bxf6 Qxf6 39. Qe8+ Qf8 40. Qe6+ Kh8 41. Ka2 Qxh6 42. Qe8+ Kg7 43. Qe7+ Kg8 44. Qe6+ Kg7 45. Qe7+ Kg8 46. Qxd6 Qd2 47. Qc6 Qg2 48. Qc8+ Kg7 49. d6 Qd2 50. d7 Kf7 51. Qe8+ 1-0

[Event "Girona Gerunda op"]
[Site "Girona"]
[Date "2022.04.22"]
[Round "1"]
[White "Rex, Torsten Claus"]
[Black "Vinolas Puig, Joan"]
[Result "1-0"]
[WhiteElo "1956"]
[BlackElo "1439"]
[PlyCount "75"]
[EventDate "2022.04.22"]
[EventType "swiss"]
[EventRounds "8"]
[EventCountry "ESP"]
[SourceTitle "EXT 2023"]
[Source "ChessBase"]
[SourceDate "2022.10.05"]
[SourceVersion "1"]
[SourceVersionDate "2022.10.05"]
[SourceQuality "1"]

1. Nf3 Nf6 2. g3 g6 3. Bg2 Bg7 4. 0-0 0-0 5. d4 d5 6. c4 c5 7. cxd5 cxd4 8. Nxd4 Nxd5 9. e3 e5 10. Nb5 a6 11. N5c3 Nf6 12. Nd2 Qc7 13. Nde4 Nxe4 14. Nxe4 Nc6 15. Bd2 Rd8 16. Qe2 Bf5 17. Rfc1 Rac8 18. Be1 Qb6 19. Bc3 Nb4 20. a3 Nd3 21. Rd1 Bxe4 22. Bxe4 Nc5 23. Bd5 Na4 24. Rac1 Nxc3 25. Rxc3 Rxc3 26. bxc3 Qc7 27. c4 Bf8 28. a4 Bc5 29. Qf3 b6 30. Qxf7+ Qxf7 31. Bxf7+ Kxf7 32. Rxd8 Kf6 33. Kf1 h5 34. Ke2 a5 35. h3 g5 36. f3 Kg6 37. Kd3 Kf6 38. Ke4 1-0

[Event "Girona-ch Seniors"]
[Site "Girona"]
[Date "2020.02.11"]
[Round "2.5"]
[White "Lara Perez, Antoni"]
[Black "Rex, Torsten Claus"]
[Result "0-1"]
[WhiteElo "1538"]
[BlackElo "1972"]
[PlyCount "94"]
[EventDate "2020.02.04"]
[EventType "swiss"]
[EventRounds "6"]
[EventCountry "ESP"]
[SourceTitle "EXT 2024"]
[Source "ChessBase"]
[SourceDate "2023.10.10"]
[SourceVersion "1"]
[SourceVersionDate "2023.10.10"]
[SourceQuality "1"]

1. e4 c5 2. Nf3 Nc6 3. a3 Nf6 4. Nc3 d6 5. d3 g6 6. g3 Bg7 7. Bg2 0-0 8. 0-0 Bg4 9. h3 Bxf3 10. Bxf3 Rc8 11. Kg2 a6 12. Be3 b5 13. Nd5 Nd7 14. c3 h6 15. Qd2 g5 16. Bg4 e6 17. Nf4 gxf4 18. Bxf4 Nde5 19. Bxh6 Qf6 20. Bxg7 Kxg7 21. Be2 Rh8 22. f4 Qh6 23. Rh1 Nd7 24. Bg4 Nf6 25. Qe2 Rcg8 26. e5 dxe5 27. fxe5 Nxg4 28. Qxg4+ Kf8 29. Qf3 Qd2+ 30. Kg1 Rxg3+ 31. Qxg3 Rg8 32. Qxg8+ Kxg8 33. Rh2 Qe3+ 34. Kh1 Nxe5 35. Rg1+ Kf8 36. Rhg2 Nxd3 37. Rg8+ Ke7 38. R8g3 Qe4+ 39. Kh2 Ne1 40. Rg4 Qe5+ 41. Kh1 Qd5+ 42. Kh2 Nf3+ 43. Kh1 Nxg1+ 44. Kxg1 Qd1+ 45. Kh2 c4 46. Rd4 Qe2+ 47. Kg3 Qxb2 0-1

[Event "Figueres Nadal op 9th"]
[Site "Figueres"]
[Date "2020.01.03"]
[Round "3"]
[White "Rex, Torsten Claus"]
[Black "Alvarez Serra, Jordi"]
[Result "1-0"]
[WhiteElo "1969"]
[BlackElo "1882"]
[PlyCount "81"]
[EventDate "2020.01.02"]
[EventType "swiss"]
[EventRounds "8"]
[EventCountry "ESP"]
[SourceTitle "CBM 194 Extra"]
[Source "ChessBase"]
[SourceDate "2020.03.31"]
[SourceVersion "1"]
[SourceVersionDate "2020.03.31"]
[SourceQuality "1"]

1. Nf3 Nf6 2. g3 c5 3. c4 g6 4. Nc3 Bg7 5. Bg2 0-0 6. 0-0 d5 7. cxd5 Nxd5 8. Nxd5 Qxd5 9. d3 Nc6 10. Ng5 Qd7 11. Ne4 b6 12. Nc3 Bb7 13. Be3 Rfd8 14. Qc1 Nd4 15. Re1 Rac8 16. Qd2 Nf5 17. Rac1 Nxe3 18. Qxe3 Bd4 19. Qh6 Bg7 20. Qh3 Qxh3 21. Bxh3 e6 22. Bg2 Ba6 23. b3 f5 24. Rc2 g5 25. Nb1 Rd4 26. Nd2 g4 27. Nc4 Bf6 28. h3 gxh3 29. Bxh3 h5 30. e4 b5 31. Nb2 c4 32. dxc4 bxc4 33. Nxc4 Rc5 34. exf5 exf5 35. Re6 Bb7 36. Rxf6 Rd1+ 37. Bf1 Kg7 38. Re6 Bd5 39. Re7+ Kf6 40. Rxa7 Bf3 41. Rd2 1-0

[Event "Girona-ch"]
[Site "Sant Gregori"]
[Date "2019.12.08"]
[Round "8"]
[White "Gallart Vila, Joan"]
[Black "Rex, Torsten Claus"]
[Result "1/2-1/2"]
[WhiteElo "1637"]
[BlackElo "1978"]
[PlyCount "45"]
[EventDate "2019.10.13"]
[EventType "swiss"]
[EventRounds "9"]
[EventCountry "ESP"]
[SourceTitle "CBM 194 Extra"]
[Source "ChessBase"]
[SourceDate "2020.03.31"]
[SourceVersion "1"]
[SourceVersionDate "2020.03.31"]
[SourceQuality "1"]

1. d4 Nf6 2. c4 c5 3. e3 g6 4. Nc3 cxd4 5. exd4 d6 6. Nf3 Bg7 7. Bg5 0-0 8. Bd3 Nbd7 9. 0-0 h6 10. Bf4 Re8 11. Re1 b6 12. Qd2 Kh7 13. Qc2 Bb7 14. Nh4 Nf8 15. Rad1 Rc8 16. Qb3 e6 17. Qa3 Nh5 18. Bxd6 Qxh4 19. Qxa7 Ba8 20. Qxf7 Qg5 21. d5 Qf6 22. Qa7 exd5 23. Be7 1/2-1/2

[Event "Gerunda Tardor 3rd op"]
[Site "Gerunda"]
[Date "2019.10.01"]
[Round "2.1"]
[White "Rex, Torsten Claus"]
[Black "Lloveras Gomis, Jose"]
[Result "1-0"]
[WhiteElo "2139"]
[BlackElo "1838"]
[PlyCount "61"]
[EventDate "2019.09.24"]
[EventType "swiss"]
[EventRounds "9"]
[EventCountry "ESP"]
[SourceTitle "EXT 2024"]
[Source "ChessBase"]
[SourceDate "2023.10.10"]
[SourceVersion "1"]
[SourceVersionDate "2023.10.10"]
[SourceQuality "1"]

1. Nf3 Nc6 2. d4 d5 3. c4 e6 4. Nc3 Nf6 5. Bg5 Be7 6. e3 a6 7. a3 h6 8. Bh4 dxc4 9. Bxc4 b5 10. Bd3 Bb7 11. Rc1 Rc8 12. b4 Nd5 13. Bxe7 Ncxe7 14. Ne4 c6 15. 0-0 0-0 16. Bb1 Ng6 17. Qd3 Re8 18. Ne5 Nxe5 19. dxe5 Ne7 20. Nd6 Ng6 21. Nxb7 Qxd3 22. Bxd3 Rc7 23. Nd6 Rd8 24. f4 Ne7 25. Be4 Nd5 26. Bxd5 exd5 27. Rfd1 f6 28. Rxd5 fxe5 29. fxe5 cxd5 30. Rxc7 Rxd6 31. exd6 1-0

[Event "Torroella de Montgri U2200 2nd"]
[Site "Torroella de Montgri"]
[Date "2019.09.07"]
[Round "4.7"]
[White "Rex, Torsten Claus"]
[Black "Vinolas Anglada, Laura"]
[Result "1-0"]
[WhiteElo "1958"]
[BlackElo "1639"]
[PlyCount "102"]
[EventDate "2019.09.06"]
[EventType "swiss"]
[EventRounds "7"]
[EventCountry "ESP"]
[SourceTitle "EXT 2024"]
[Source "ChessBase"]
[SourceDate "2023.10.10"]
[SourceVersion "1"]
[SourceVersionDate "2023.10.10"]
[SourceQuality "1"]

1. Nf3 Nf6 2. b3 g6 3. Bb2 Bg7 4. c4 c5 5. g3 Nc6 6. Bg2 0-0 7. 0-0 d5 8. cxd5 Nxd5 9. Bxg7 Kxg7 10. Qc2 b6 11. Nc3 e6 12. Qb2 Qf6 13. a3 Bb7 14. Rfd1 Rfd8 15. Rac1 Rac8 16. Qa1 Nc7 17. h4 h5 18. Ng5 e5 19. b4 Qe7 20. Rb1 Ba8 21. bxc5 Qxc5 22. Rbc1 Qe7 23. e3 f6 24. Nge4 Ne6 25. Kh2 f5 26. Ng5 Nxg5 27. hxg5 Qxg5 28. f4 Qe7 29. Nd5 Qe6 30. Nb4 Nxb4 31. Rxc8 Rxc8 32. axb4 Bxg2 33. Kxg2 Rc7 34. fxe5 Kf7 35. Qb2 Qc4 36. Kf2 Qc2 37. Qxc2 Rxc2 38. Ke2 Rb2 39. Ra1 Rxb4 40. Rxa7+ Ke6 41. d4 Rb2+ 42. Kd3 Rg2 43. Rb7 Rxg3 44. Rxb6+ Kd7 45. e6+ Ke7 46. Kd2 h4 47. d5 h3 48. Rb7+ Kf8 49. Rh7 Rg2+ 50. Kd3 Ra2 51. Rxh3 Ke7 1-0

[Event "Girona Gerunda Sarria Ter4th"]
[Site "Girona"]
[Date "2019.03.29"]
[Round "1.9"]
[White "Roqueta Maffei, Oscar Nahuel"]
[Black "Rex, Torsten Claus"]
[Result "0-1"]
[WhiteElo "1510"]
[BlackElo "1918"]
[PlyCount "100"]
[EventDate "2019.03.29"]
[EventType "swiss"]
[EventRounds "9"]
[EventCountry "ESP"]
[SourceTitle "EXT 2024"]
[Source "ChessBase"]
[SourceDate "2023.10.10"]
[SourceVersion "1"]
[SourceVersionDate "2023.10.10"]
[SourceQuality "1"]

1. e4 c5 2. Nf3 Nc6 3. d4 cxd4 4. Nxd4 Nf6 5. Nc3 d6 6. Be2 g6 7. Be3 Bg7 8. f4 0-0 9. Qd2 Bd7 10. 0-0 Rc8 11. a3 a6 12. Kh1 b5 13. Rad1 Nxd4 14. Bxd4 Bc6 15. Bf3 Qc7 16. f5 Qb7 17. Rde1 Nd7 18. Bxg7 Kxg7 19. h3 f6 20. Nd5 Ne5 21. Nf4 Bd7 22. Nd5 Be8 23. c3 Bf7 24. Be2 Bxd5 25. Qxd5 Qxd5 26. exd5 Rc5 27. Rd1 Kf7 28. Kg1 Rfc8 29. Rf4 Nc4 30. Bxc4 Rxc4 31. fxg6+ hxg6 32. Rdd4 Rxd4 33. Rxd4 f5 34. Kf2 Kf6 35. Kf3 Rc5 36. Rd2 g5 37. g3 Rc4 38. g4 Rf4+ 39. Kg3 Re4 40. gxf5 Kxf5 41. Rd3 Ke5 42. Kf3 Kf5 43. Kg3 Re5 44. Kf3 Re4 45. Kg3 Re2 46. Rf3+ Ke5 47. Rf2 Rxf2 48. Kxf2 Kxd5 49. Kg3 Ke5 50. Kg4 Kf6 0-1

[Event "Miquel Mas op 19th"]
[Site "Castell de Sant Ferran"]
[Date "2018.08.11"]
[Round "3"]
[White "Lorca Cortada, David"]
[Black "Rex, Torsten Claus"]
[Result "1-0"]
[WhiteElo "2060"]
[BlackElo "1910"]
[PlyCount "102"]
[EventDate "2018.08.09"]
[EventType "swiss"]
[EventRounds "9"]
[EventCountry "ESP"]
[SourceTitle "CBM 186 Extra"]
[Source "ChessBase"]
[SourceDate "2018.08.24"]
[SourceVersion "1"]
[SourceVersionDate "2018.08.24"]
[SourceQuality "1"]

1. d4 Nf6 2. Bf4 c5 3. e3 cxd4 4. exd4 g6 5. c3 Bg7 6. Nf3 d6 7. Bc4 0-0 8. 0-0 a6 9. a4 Bg4 10. h3 Bxf3 11. Qxf3 Qc7 12. Nd2 Nbd7 13. Qe2 Rae8 14. Nf3 Qc8 15. Ba2 e5 16. dxe5 dxe5 17. Bh2 h6 18. Rad1 Kh7 19. Nd2 Nb6 20. a5 Nbd5 21. Nc4 Nf4 22. Qf3 Qc7 23. Rfe1 Re7 24. Bxf4 exf4 25. Rxe7 Qxe7 26. Qxf4 Qe6 27. Qe5 Qc6 28. Bb3 Re8 29. Qd6 Qe4 30. Ne3 Qe7 31. Qd3 Ne4 32. Bc2 f5 33. Qd7 Qe5 34. Bxe4 Qxe4 35. Qd5 Qe7 36. Qc4 Be5 37. Rd5 Bb8 38. Qd3 Kh8 39. Rd7 Qe5 40. g3 Qe4 41. Qd5 Bxg3 42. Qxe4 Rxe4 43. Rxb7 Bd6 44. Rb6 f4 45. Nc4 Re1+ 46. Kg2 Bc5 47. Rc6 Bf8 48. Rxa6 g5 49. Rb6 Ra1 50. a6 h5 51. Ne5 Bg7 1-0

[Event "Santa Eugenia op 13th"]
[Site "Santa Eugenia"]
[Date "2018.08.02"]
[Round "7"]
[White "Turon Crosa, Isaac"]
[Black "Rex, Torsten Claus"]
[Result "0-1"]
[WhiteElo "1781"]
[BlackElo "1910"]
[PlyCount "108"]
[EventDate "2018.07.30"]
[EventType "swiss"]
[EventRounds "9"]
[EventCountry "ESP"]
[SourceTitle "CBM 185 Extra"]
[Source "ChessBase"]
[SourceDate "2018.07.29"]
[SourceVersion "1"]
[SourceVersionDate "2018.07.29"]
[SourceQuality "1"]

1. e4 c5 2. Nc3 Nc6 3. Nge2 Nf6 4. d4 cxd4 5. Nxd4 d6 6. Bg5 e6 7. Bb5 Bd7 8. Qd2 Be7 9. 0-0-0 0-0 10. Nb3 a6 11. Be2 Na5 12. e5 Nxb3+ 13. cxb3 Nd5 14. Bxe7 Qxe7 15. Nxd5 exd5 16. exd6 Rac8+ 17. Kb1 Bf5+ 18. Bd3 Bxd3+ 19. Qxd3 Qxd6 20. Qxd5 Qg6+ 21. Ka1 Rc2 22. Rhf1 h6 23. Qxb7 Qf6 24. Rb1 Re8 25. Qf3 Qd4 26. Rfd1 Qxf2 27. Qxf2 Rxf2 28. Rg1 Ree2 29. a4 a5 30. Ka2 Rxg2 31. Rxg2 Rxg2 32. Rh1 Rg4 33. Rc1 Rh4 34. Rc5 Rxh2 35. Rxa5 g5 36. Rc5 Re2 37. a5 Re6 38. b4 g4 39. b5 g3 40. a6 Re4 41. b3 Re2+ 42. Ka3 Re1 43. Rc2 Ra1+ 44. Kb4 h5 45. Kc5 h4 46. Rg2 f5 47. b6 Ra5+ 48. Kc6 Rxa6 49. b4 f4 50. b5 Rxb6+ 51. Kxb6 h3 52. Rc2 h2 53. Rc8+ Kg7 54. Rc7+ Kg6 0-1

[Event "Gerunda op 3rd"]
[Site "Gerunda"]
[Date "2018.05.25"]
[Round "8"]
[White "Guell Barnada, Jordi"]
[Black "Rex, Torsten Claus"]
[Result "0-1"]
[WhiteElo "1927"]
[BlackElo "1931"]
[PlyCount "76"]
[EventDate "2018.04.06"]
[EventType "swiss"]
[EventRounds "9"]
[EventCountry "ESP"]
[SourceTitle "CBM 184 Extra"]
[Source "ChessBase"]
[SourceDate "2018.06.28"]
[SourceVersion "1"]
[SourceVersionDate "2018.06.28"]
[SourceQuality "1"]

1. d4 Nf6 2. Bf4 c5 3. e3 d5 4. Nd2 cxd4 5. exd4 Nc6 6. c3 e6 7. Ngf3 Bd6 8. Bg3 0-0 9. Ne5 Qc7 10. f4 Ne4 11. Bd3 f5 12. Ndf3 Bd7 13. 0-0 Rae8 14. Bh4 Be7 15. Bxe7 Rxe7 16. Nh4 Nxe5 17. fxe5 g5 18. Nf3 g4 19. Ne1 Rg7 20. g3 Ng5 21. Qd2 Bc6 22. Kh1 Rg6 23. Ng2 Nf3 24. Rxf3 gxf3 25. Nf4 Rh6 26. Rf1 Qg7 27. Rxf3 Kh8 28. Be2 Rg8 29. Re3 Qg5 30. Qd1 Be8 31. Ng2 Bh5 32. Bxh5 Rxh5 33. Qg1 Rh3 34. Qf2 Rh6 35. Qf4 Qh5 36. Nh4 Rg4 37. Qf3 f4 38. Re2 Rxh4 0-1

[Event "Santa Eugenia op 12th"]
[Site "Santa Eugenia"]
[Date "2017.08.03"]
[Round "7"]
[White "Rex, Torsten Claus"]
[Black "Voegeli, Max"]
[Result "1-0"]
[WhiteElo "2053"]
[BlackElo "1738"]
[PlyCount "87"]
[EventDate "2017.07.31"]
[EventType "swiss"]
[EventRounds "9"]
[EventCountry "ESP"]
[SourceTitle "CBM 179 Extra"]
[Source "ChessBase"]
[SourceDate "2017.08.23"]
[SourceVersion "1"]
[SourceVersionDate "2017.08.23"]
[SourceQuality "1"]

1. Nf3 b5 2. g3 Bb7 3. Bg2 Nf6 4. 0-0 e6 5. b3 Be7 6. Bb2 0-0 7. d4 d5 8. c4 bxc4 9. bxc4 c5 10. Nbd2 Nbd7 11. e3 Rc8 12. Rb1 Rc7 13. Ne5 Nb6 14. dxc5 Bxc5 15. cxd5 Bxd5 16. Bxd5 Nbxd5 17. Ndc4 Nb6 18. Qe2 Nxc4 19. Nxc4 Be7 20. Ne5 Qc8 21. Rbc1 Nd5 22. Rxc7 Qxc7 23. Rc1 Qb7 24. e4 Nf6 25. Nc6 Re8 26. Qc2 h6 27. f3 Nh7 28. Nxe7+ Qxe7 29. Qc3 f6 30. h4 Qd6 31. e5 fxe5 32. Qxe5 Qxe5 33. Bxe5 Kf7 34. Rc7+ Re7 35. Rxe7+ Kxe7 36. Bxg7 h5 37. Kf2 Kd6 38. Ke3 Kd5 39. Kd3 a6 40. a3 Kc5 41. g4 hxg4 42. fxg4 Kb5 43. g5 e5 44. g6 1-0

[Event "Santa Eugenia op 12th"]
[Site "Santa Eugenia"]
[Date "2017.07.31"]
[Round "2"]
[White "Beltran Vidal, Daniel"]
[Black "Rex, Torsten Claus"]
[Result "0-1"]
[WhiteElo "1663"]
[BlackElo "2053"]
[PlyCount "82"]
[EventDate "2017.07.31"]
[EventType "swiss"]
[EventRounds "9"]
[EventCountry "ESP"]
[SourceTitle "CBM 179 Extra"]
[Source "ChessBase"]
[SourceDate "2017.08.23"]
[SourceVersion "1"]
[SourceVersionDate "2017.08.23"]
[SourceQuality "1"]

1. Nf3 Nf6 2. c4 c5 3. g3 Nc6 4. Bg2 d5 5. cxd5 Nxd5 6. 0-0 e6 7. Na3 Be7 8. d3 0-0 9. Nc4 b6 10. Nfe5 Bb7 11. Nxc6 Bxc6 12. Ne5 Bb7 13. e4 Nc7 14. Be3 Nb5 15. a4 Nd4 16. Nf3 Bf6 17. Rb1 Nxf3+ 18. Bxf3 Bd4 19. Qd2 a5 20. Rfe1 Qd7 21. Qc2 Bc6 22. b3 Rfd8 23. Bg2 Rac8 24. Rbd1 Qb7 25. h4 Bxe3 26. Rxe3 Rd4 27. f4 Qd7 28. e5 c4 29. Bf1 cxb3 30. Qxb3 Bxa4 31. Qb1 Rb4 32. Qa1 Bxd1 33. Qxd1 Qd4 34. Qf3 h6 35. Kh2 g6 36. h5 Rb2+ 37. Kh3 Rcc2 38. hxg6 Rh2+ 39. Kg4 h5+ 40. Kg5 Kg7 41. Qb7 Qd8+ 0-1

[Event "Sant Gregori Ajuntament op 2nd"]
[Site "Sant Gregori"]
[Date "2017.07.07"]
[Round "5.1"]
[White "Clot Chico, Arnau"]
[Black "Rex, Torsten Claus"]
[Result "1/2-1/2"]
[WhiteElo "2103"]
[BlackElo "2150"]
[PlyCount "59"]
[EventDate "2017.07.03"]
[EventType "swiss"]
[EventRounds "7"]
[EventCountry "ESP"]
[SourceTitle "EXT 2024"]
[Source "ChessBase"]
[SourceDate "2023.10.10"]
[SourceVersion "1"]
[SourceVersionDate "2023.10.10"]
[SourceQuality "1"]

1. e4 c5 2. Nf3 Nc6 3. d4 cxd4 4. Nxd4 Nf6 5. Nc3 d6 6. Be3 Ng4 7. Bc1 Qb6 8. Bb5 Bd7 9. Bxc6 bxc6 10. 0-0 g6 11. h3 Bg7 12. hxg4 Qxd4 13. Qxd4 Bxd4 14. Ne2 Bg7 15. f3 Rb8 16. Rb1 h5 17. g5 c5 18. c4 Be6 19. b3 Bxc4 20. Re1 Bd3 21. Bb2 Bxb2 22. Rxb2 Bxe2 23. Rbxe2 e6 24. e5 Ke7 25. exd6+ Kxd6 26. Rd1+ Ke7 27. Rc2 Rhc8 28. Kf2 Rb7 29. Rdc1 Rbc7 30. b4 1/2-1/2